Warszawa Śródmieście - Ulice na mapie - Statystyki

Ogólne statystyki
  • Ten quiz został rozwiązany 442 razy
    440 od ostatniego zresetowania
  • Średni wynik to 41 z 124
Odpowiedzi na mapie
Odpowiedzi zakodowano w zielono-czerwonej skali na mapie do tego quizu, zgodnie z poniższymi procentami.
 
Statystyki odpowiedzi
Droga Nazwa % Poprawnych
Aleje Aleje Jerozolimskie
83%
Ulica Marszałkowska
83%
Ulica Świętokrzyska
78%
Ulica Nowy Świat
75%
Ulica Krakowskie Przedmieście
66%
Ulica Złota
66%
Plac Plac Trzech Krzyży
61%
Aleje Aleje Ujazdowskie
60%
Most Most Poniatowski
60%
Ulica Chmielna
59%
Ulica Hoża
58%
Plac Plac Zbawiciela
58%
Ulica Krucza
57%
Most Most Świętokrzyski
56%
Aleja Aleja Solidarności
55%
Most Most Gdański
55%
Aleja Aleja Jana Pawła 2
54%
Ulica Łazienkowska
54%
Ulica Koszykowa
53%
Plac Plac Konstytucji
53%
Ulica Solec
53%
Most Most Łazienkowski
52%
Most Most Śląsko-Dąbrowski
51%
Ulica Tamka
51%
Plac Plac Bankowy
49%
Ulica Królewska
48%
Ulica Miodowa
48%
Plac Plac Unii Lubelskiej
48%
Aleja Aleja Niepodległości
47%
Ulica Mokotowska
47%
Ulica Plater
47%
Ulica Wiejska
45%
Ulica Wilcza
45%
Ulica Wybrzeże Gdańskie
45%
Ulica Grzybowska
44%
Plac Plac Na Rozdrożu
44%
Ulica Czerniakowska
43%
Plac Plac Politechniki
43%
Aleja Aleja Armii Ludowej
42%
Ulica Andersa
42%
Ulica Nowowiejska
42%
Ulica Stawki
42%
Ulica Anielewicza
40%
Ulica Piękna
40%
Ulica Foksal
39%
Ulica Dobra
38%
Ulica Muranowska
38%
Ulica Wybrzeże Kościuszkowskie
38%
Ulica Karowa
37%
Plac Plac Piłsudskiego
37%
Ulica Konwiktorska
36%
Ulica Poznańska
35%
Ulica Rozbrat
35%
Ulica Chałubińskiego
33%
Ulica Agrykola
32%
Ulica Długa
32%
Ulica Bracka
31%
Ulica Książęca
31%
Ulica Puławska
31%
Ulica Słomińskiego
31%
Ulica Inflancka
30%
Ulica Mazowiecka
30%
Ulica Senatorska
30%
Ulica Nowolipki
29%
Ulica Kopernika
27%
Ulica Waryńskiego
27%
Ulica Żurawia
27%
Ulica Belwederska
26%
Ulica Dzika
26%
Plac Plac Grzybowski
26%
Ulica Polna
26%
Tunel Tunel Wisłostrady
26%
Ulica Bonifraterska
25%
Ulica Browarna
25%
Ulica Zajęcza
24%
Ulica Lwowska
23%
Ulica Nowolipie
23%
Ulica Szucha
23%
Ulica Batorego
22%
Ulica Górnośląska
22%
Ulica Ludna
22%
Plac Plac Krasińskich
22%
Ulica Bielańska
21%
Aleja Aleja Wyzwolenia
20%
Ulica Elektoralna
20%
Plac Plac Powstańców Warszawy
20%
Ulica Świętojerska
20%
Ulica Kredytowa
19%
Ulica Spacerowa
19%
Ulica Bagatela
18%
Ulica Freta
18%
Ulica Gagarina
18%
Ulica Jasna
18%
Ulica Myśliwiecka
18%
Ulica Topiel
18%
Ulica Międzyparkowa
17%
Ulica Obożna
17%
Ulica Szpitalna
17%
Ulica Wilanowska
17%
Ulica Zakroczymska
17%
Ulica Zgoda
17%
Ulica Bednarska
16%
Ulica Franciszkańska
16%
Ulica Sanguszki
16%
Ulica Karmelicka
14%
Ulica Wioślarska
14%
Ulica Kruczkowskiego
13%
Ulica Zamenhofa
13%
Ulica Boleść
12%
Ulica Boya-Żeleńskiego
12%
Ulica Mostowa
12%
Ulica Noakowskiego
12%
Ulica Wierzbowa
12%
Ulica Jazdów
11%
Ulica Lewartowskiego
11%
Ulica Moliera
11%
Ulica Szwoleżerów
11%
Ulica Śniadeckich
9%
Ulica Leszczyńska
8%
Ulica Prusa
8%
Ulica Graniczna
7%
Ulica Klonowa
6%
Ulica Zaruskiego
6%
Ulica Furmańska
4%
Nie znaleziono quizów pasujących do podanych kryteriów
Rozkład punktacji
Procent ludzi z każdym wynikiem
Percentyl według liczby udzielonych odpowiedzi
Twoja historia wyników
Nie rozwiązałeś tego quizu od ostatniego zresetowania